1336 1282 1584 1211 1646 1937 1819 1594 1403 1343 1352 1354 1317 1610 1129 1888 1902 1611 1315 1280 1441 1461 1944 1570 1578 1647 1389 1296 1792 1732 1079 1388 1790 1467 1822 1066 1965 1523 1583 1254 1006 1090 1903 1102 1292 1616 1454 1353 1003 1348 1566 1088 1943 1438 1704 1686 1595 1106 1162 1192 1042 1827 1813 1741 1999 1641 1504 1095 1341 1973 1227 1755 1435 1319 1069 1052 1320 1610 1058 1948 1438 1622 1319 1389 1251 1705 1020 1299 1321 1053 1129 1503 1986 1582 1462 1101 1118 1843 1440 BCNSPRNW ULIB Ver.6.0+V

เปลี่ยนเป็นภาษาไทย

Change to English
 แสดงรายละเอียดบรรณานุกรม
  กลับหน้าหลัก

Brief Record : Get Marc (ISO 2709) : E-mail record : QR code < ปิดหน้าต่าง
LEADER : 00000nam 2200000uu 4500
001    13399112141
003     ULIB
008    110627s2553||||th 000 0 tha d
020    9786165000499
090    นว.^bพ959ป 2553
100 0  แพรณัฐ
245 00 เปลวไฟในสายลม/^cแพรณัฐ
250    พิมพ์ครั้งที่ 1
260    กรุงเทพฯ :^bพิมพ์คำ,^c2553
300    400 หน้า
710 1  พิมพ์คำ
945    ^p260^l0^i028050
995    ทศพร
999 ^a ใช้งานได้ทุกระบบ
รายการนี้ยังไม่มีแท็ก
คุณยังไม่ได้ล็อกอิน คุณสามารถมีกิจกรรมร่วมกับเว็บไซต์ได้ แต่ต้องล็อกอินก่อน ::
  ล็อกอิน

รายการสื่อสารสนเทศ

ลำดับที่ ประเภท เลขเรียก/บาร์โค้ด สถานที่ สถานะ
- ไม่พบข้อมูล -

รายการใกล้เคียง
    ผู้แต่ง [แพรณัฐ]

BibComment


ยังไม่เคยถูกคอมเมนท์

คอมเมนท์ทรัพยากรรายการนี้
  คอมเมนท์: เปลวไฟในสายลม แพร..


 Copyright 2026. Bcnsprnw @Library